| 000 | 00436pab a2200157 454500 | ||
|---|---|---|---|
| 008 | 180718b2001 xxu||||| |||| 00| 0 eng d | ||
| 100 | _aChanda, Saswati | ||
| 245 | _aTrans Asian movements and cooperation in transportation: an initiative to integrate the Asian continent | ||
| 260 | _c2001 | ||
| 300 | _ap.15-21 | ||
| 362 | _aAug | ||
| 650 | _aTransport | ||
| 700 | _aGupta, Alok Kumar | ||
| 773 | _aThird Concept | ||
| 909 | _a49415 | ||
| 999 |
_c49415 _d49415 |
||